000 00842nas a2200277 454500
001 IICA0700889
003 BR-BrBNA
005 20260323111549.0
007 ta
008 260323b bl.|||p| |||| 00| 00por d
040 _aBR-BrBNA
_bpor
_cBiblioteca Nacional de Agricultura
041 _a(Es)
072 _aK10
100 1 _aWhitmore, J.L.
100 1 _aOtárola T, A.
245 1 _aAcrocarpus fraxinifolius Wight, especie de rápido crecimiento inicial, buena forma y madera de usos múltiples
300 _av. 26(2) p. 201-204
650 _aACROCARPUS FRAXINIFOLIUS
650 _aARVORE
650 _aMADEIRA
650 _aCRESCIMENTO
650 _aRENDIMENTO
773 0 _tTURRIALBA (IICA)
_X0041-4360
_g(Apr-Jun 1976), v. 26(2) p. 201-204
_wIICA0700889
909 _a202603
_bLúcia
_c55
_dLúcia Elande
942 _2IICA
_n0
_cANA
999 _c340880
_d340880